000 00671nam a2200217 u 4500
003 DO-SdBNP
005 20221206090503.0
007 ta
008 100813s1997 dr r 000 0 spa d
040 _aDO-SdBNP
_bspa
_cBNPHU
082 _axxxx
_bO775f
100 1 _aOrtíz Castillo, Joaquín E.
_935975
245 1 0 _aLa falsedad como incidente civil /
_cJoaquín E. Ortíz Castillo.
260 _aSanto Domingo :
_bLa Filantropica,
_c1997.
300 _a41 p. ;
_c22 cm.
500 _aIncluye datos biográficos del autor en la contracubierta
504 _aIncluye bibliografía (p. 41 )
590 _aInventariado, 2022/ YL
910 _aYLockward
942 _2ddc
_cLF2
999 _c20228
_d20228